<?xml version="1.0" encoding="UTF-8"?>
<record
    xmlns:xsi="http://www.w3.org/2001/XMLSchema-instance"
    xsi:schemaLocation="http://www.loc.gov/MARC21/slim http://www.loc.gov/standards/marcxml/schema/MARC21slim.xsd"
    xmlns="http://www.loc.gov/MARC21/slim">

  <leader>00883nam a22002297a 4500</leader>
  <controlfield tag="003">OSt</controlfield>
  <controlfield tag="005">20220427114128.0</controlfield>
  <controlfield tag="008">110301s2017    dr            000 0 spa d</controlfield>
  <datafield tag="040" ind1=" " ind2=" ">
    <subfield code="a">DO-SdBNP</subfield>
    <subfield code="b">spa</subfield>
    <subfield code="c">BNPHU</subfield>
  </datafield>
  <datafield tag="082" ind1=" " ind2=" ">
    <subfield code="a">xxxx</subfield>
    <subfield code="b">P349d</subfield>
  </datafield>
  <datafield tag="100" ind1="1" ind2=" ">
    <subfield code="a">Pe&#xF1;a Guaba, Jos&#xE9; Francisco</subfield>
    <subfield code="9">53018</subfield>
  </datafield>
  <datafield tag="245" ind1="1" ind2="0">
    <subfield code="a">Destrucci&#xF3;n del sistema de partidos :</subfield>
    <subfield code="b">An&#xE1;lisis sobre el umbral m&#xED;nimo para mantener la personer&#xED;a jur&#xED;dica /</subfield>
    <subfield code="c">Jos&#xE9; Francisco Pe&#xF1;a Guaba, Sergio Ortiz Valenzuela </subfield>
  </datafield>
  <datafield tag="260" ind1=" " ind2=" ">
    <subfield code="a">Santo Domingo :</subfield>
    <subfield code="b">FOPPPREDOM. </subfield>
    <subfield code="c">2017.</subfield>
  </datafield>
  <datafield tag="300" ind1=" " ind2=" ">
    <subfield code="a">48 p. :</subfield>
    <subfield code="c">23 cm.</subfield>
  </datafield>
  <datafield tag="490" ind1="1" ind2=" ">
    <subfield code="a">Cuadernos por la Democracia</subfield>
    <subfield code="v">2</subfield>
  </datafield>
  <datafield tag="590" ind1=" " ind2=" ">
    <subfield code="a">Inventariado, 2022/ YL</subfield>
  </datafield>
  <datafield tag="700" ind1="1" ind2="2">
    <subfield code="a">Ortiz Valenzuela, Sergio</subfield>
    <subfield code="9">81510</subfield>
  </datafield>
  <datafield tag="710" ind1=" " ind2=" ">
    <subfield code="a">Foro permanente de partidos pol&#xED;ticos de la Rep&#xFA;blica Dominicana (FOPPPREDOM)</subfield>
    <subfield code="9">81511</subfield>
  </datafield>
  <datafield tag="830" ind1="0" ind2=" ">
    <subfield code="n">Cuadernos por la Democracia</subfield>
    <subfield code="p">2</subfield>
    <subfield code="9">81429</subfield>
  </datafield>
  <datafield tag="910" ind1=" " ind2=" ">
    <subfield code="a">YLockward</subfield>
  </datafield>
  <datafield tag="942" ind1=" " ind2=" ">
    <subfield code="2">ddc</subfield>
    <subfield code="c">LF2</subfield>
  </datafield>
  <datafield tag="952" ind1=" " ind2=" ">
    <subfield code="0">0</subfield>
    <subfield code="1">0</subfield>
    <subfield code="2">ddc</subfield>
    <subfield code="5">3</subfield>
    <subfield code="7">0</subfield>
    <subfield code="8">PD</subfield>
    <subfield code="a">BNPHU</subfield>
    <subfield code="b">BNPHU</subfield>
    <subfield code="c">CT</subfield>
    <subfield code="d">2017-06-16</subfield>
    <subfield code="e">FOPPPREDOM</subfield>
    <subfield code="l">0</subfield>
    <subfield code="o">xxxx P349d</subfield>
    <subfield code="p">2022-1594</subfield>
    <subfield code="r">2022-04-27</subfield>
    <subfield code="w">2022-04-27</subfield>
    <subfield code="y">LF2</subfield>
  </datafield>
  <datafield tag="952" ind1=" " ind2=" ">
    <subfield code="0">0</subfield>
    <subfield code="1">0</subfield>
    <subfield code="2">ddc</subfield>
    <subfield code="5">3</subfield>
    <subfield code="7">0</subfield>
    <subfield code="8">PD</subfield>
    <subfield code="a">BNPHU</subfield>
    <subfield code="b">BNPHU</subfield>
    <subfield code="c">CT</subfield>
    <subfield code="d">2017-06-16</subfield>
    <subfield code="e">FOPPPREDOM</subfield>
    <subfield code="l">0</subfield>
    <subfield code="o">xxxx P349d</subfield>
    <subfield code="p">2022-1595</subfield>
    <subfield code="r">2022-04-27</subfield>
    <subfield code="t">e. 2</subfield>
    <subfield code="w">2022-04-27</subfield>
    <subfield code="y">LF2</subfield>
  </datafield>
  <datafield tag="952" ind1=" " ind2=" ">
    <subfield code="0">0</subfield>
    <subfield code="1">0</subfield>
    <subfield code="2">ddc</subfield>
    <subfield code="5">6</subfield>
    <subfield code="7">0</subfield>
    <subfield code="8">PD</subfield>
    <subfield code="a">BNPHU</subfield>
    <subfield code="b">BNPHU</subfield>
    <subfield code="c">CT</subfield>
    <subfield code="d">2017-06-16</subfield>
    <subfield code="e">FOPPPREDOM</subfield>
    <subfield code="l">0</subfield>
    <subfield code="o">xxxx P349d</subfield>
    <subfield code="p">2022-1596</subfield>
    <subfield code="r">2022-04-27</subfield>
    <subfield code="t">e. 3</subfield>
    <subfield code="w">2022-04-27</subfield>
    <subfield code="y">LF2</subfield>
  </datafield>
  <datafield tag="999" ind1=" " ind2=" ">
    <subfield code="c">51594</subfield>
    <subfield code="d">51594</subfield>
  </datafield>
</record>
